| 000 | 00849cad a22002055a 4500 | ||
|---|---|---|---|
| 001 | L155091 | ||
| 008 | 120228e2012 xxk 000 0 eng d | ||
| 035 | _a(Sirsi) u155091 | ||
| 041 | 0 | _aeng | |
| 110 | 2 |
_aUnited Kingdom _bDepartment for Environment, Food and Rural Affairs |
|
| 245 | 0 | 0 |
_aTwelve new havens for wildlife announced _h[electronic resource] |
| 260 |
_aLondon _bDEFRA _c2012 |
||
| 520 | _aEnvironment Secretary announces 12 Nature Improvement Areas which will receive a share of £7.5m to create wildlife havens, restore habitats and encourage local people to get involved with nature. | ||
| 590 | _aKA | ||
| 651 | 4 |
_aEngland _y886- |
|
| 690 |
_aRural _96268 |
||
| 690 |
_aSustainability _96271 |
||
| 856 | 4 | 0 |
_uhttps://www.defra.gov.uk/news/2012/02/27/nature_improvement_area/ _zView the news release at www.defra.gov.uk |
| 942 | _n0 | ||
| 999 |
_c83811 _d83811 |
||